[Event "European Online Club-ch-F 2021"]
[Site "Online"]
[Date "2021.03.27"]
[Round "7.7"]
[White "Ozen, Bahadir"]
[Black "Kazakouski, Valery"]
[Result "1/2-1/2"]
[WhiteElo "2369"]
[BlackElo "2476"]
[Annotator "ChessBase"]
[PlyCount "67"]
[EventDate "2021.03.27"]
[EventType "team-tourn"]
[EventCountry "NET"]
[SourceTitle "playchess.com"]
[Source "ChessBase"]
[SourceQuality "1"]
[TimeControl "900+5"]

1. Nf3 {[%emt 0:00:00]} Nf6 {[%emt 0:00:04]} 2. c4 {[%emt 0:00:05]} e6 {[%emt 0:00:01]} 3. d4 {[%emt 0:00:03]} d5 {[%emt 0:00:03]} 4. Nc3 {[%emt 0:00:04]} Bb4 {[%emt 0:00:02]} 5. Bg5 {[%emt 0:00:04]} dxc4 {[%emt 0:00:23]} 6. e4 {[%emt 0:00:07]} h6 {[%emt 0:00:03]} 7. Bxf6 {[%emt 0:00:23]} Qxf6 {[%emt 0:00:00]} 8. Bxc4 {[%emt 0:00:11]} c5 {[%emt 0:00:01]} 9. O-O {[%emt 0:00:39]} O-O {[%emt 0:00:04]} 10. e5 {[%emt 0:00:41]} Qd8 {[%emt 0:00:04]} 11. Ne4 {[%emt 0:00:29]} cxd4 {[%emt 0:00:03]} 12. Qxd4 {[%emt 0:02:38]} Qxd4 {[%emt 0:01:12]} 13. Nxd4 {[%emt 0:00:03]} Bd7 {[%emt 0:02:35]} 14. Rfd1 {[%emt 0:00:12]} Rd8 {[%emt 0:01:15]} 15. f4 {[%emt 0:00:47]} Nc6 {[%emt 0:00:44]} 16. Nb5 {[%emt 0:00:23]} Na5 {[%emt 0:00:55]} 17. Be2 {[%emt 0:00:03]} Bxb5 {[%emt 0:00:43]} 18. Bxb5 {[%emt 0:00:02]} a6 {[%emt 0:00:46]} 19. Be2 {[%emt 0:00:56]} Nc6 {[%emt 0:00:22]} 20. Rxd8+ {[%emt 0:00:43]} Rxd8 {[%emt 0:00:03]} 21. Rd1 {[%emt 0:00:02]} Rxd1+ {[%emt 0:01:48]} 22. Bxd1 {[%emt 0:00:02]} Be7 {[%emt 0:00:02]} 23. a3 {[%emt 0:00:40]} f6 {[%emt 0:00:38]} 24. exf6 {[%emt 0:00:05]} gxf6 {[%emt 0:00:00]} 25. g4 {[%emt 0:00:31]} f5 {[%emt 0:01:30]} 26. gxf5 {[%emt 0:00:03]} exf5 {[%emt 0:00:00]} 27. Ng3 {[%emt 0:00:13]} Bd6 {[%emt 0:00:21]} 28. Nxf5 {[%emt 0:00:08]} Bxf4 {[%emt 0:00:02]} 29. Bb3+ {[%emt 0:00:17]} Kf8 {[%emt 0:00:05]} 30. Bd5 {[%emt 0:00:12]} Bc1 {[%emt 0:00:10]} 31. Nd6 {[%emt 0:00:12]} Bxb2 {[%emt 0:00:58]} 32. Nxb7 {[%emt 0:00:04]} Ne7 {[%emt 0:00:02]} 33. Bc4 {[%emt 0:00:03]} Bxa3 {[%emt 0:00:03]} 34. Bxa6 {[%emt 0:00:02]} 1/2-1/2

[Event "European Online Club-ch-F 2021"]
[Site "Online"]
[Date "2021.03.27"]
[Round "7.8"]
[White "Meribanov, Vitaly"]
[Black "Kamer, Kayra"]
[Result "1-0"]
[WhiteElo "2406"]
[BlackElo "2339"]
[Annotator "NA"]
[PlyCount "95"]
[EventDate "2021.03.27"]
[EventType "team-tourn"]
[EventCountry "NET"]
[SourceTitle "playchess.com"]
[Source "ChessBase"]
[SourceQuality "1"]
[TimeControl "900+5"]

1. e4 {[%emt 0:00:00]} c5 {[%emt 0:00:14]} 2. Nf3 {[%emt 0:00:03]} e6 {[%emt 0:00:01]} 3. Nc3 {[%emt 0:00:03]} a6 {[%emt 0:00:04]} 4. d4 {[%emt 0:00:04]} cxd4 {[%emt 0:00:01]} 5. Nxd4 {[%emt 0:00:01]} b5 {[%emt 0:00:01]} 6. Bd3 {[%emt 0:00:03]} Qb6 {[%emt 0:00:02]} 7. Nf3 {[%emt 0:00:03]} Qc7 {[%emt 0:00:02]} 8. e5 {[%emt 0:00:13]} Bb7 {[%emt 0:00:21]} 9. O-O {[%emt 0:00:04]} d5 {[%emt 0:00:48]} 10. Re1 {[%emt 0:01:50]} Nd7 {[%emt 0:00:11]} 11. Bf4 {[%emt 0:01:03]} Bc5 {[%emt 0:00:13]} 12. Ng5 {[%emt 0:00:46]} h6 {[%emt 0:01:09]} 13. Qh5 {[%emt 0:01:16]} hxg5 {[%emt 0:00:03]} 14. Qxh8 {[%emt 0:00:08]} O-O-O {[%emt 0:00:02]} 15. Bxg5 {[%emt 0:00:26]} Ngf6 {[%emt 0:00:10]} 16. Qxg7 {[%emt 0:01:15]} Bxf2+ {[%emt 0:01:54]} 17. Kxf2 {[%emt 0:04:26]} Ng4+ {[%emt 0:00:04]} 18. Kg3 {[%emt 0:00:15]} f6 {[%emt 0:00:11]} 19. Bf4 {[%emt 0:01:10]} fxe5 {[%emt 0:02:29]} 20. Qxg4 {[%emt 0:00:06]} exf4+ {[%emt 0:00:04]} 21. Kf2 {[%emt 0:00:04]} b4 {[%emt 0:00:53]} 22. Na4 {[%emt 0:00:37]} e5 {[%emt 0:00:46]} 23. Bf5 {[%emt 0:00:14]} Bc6 {[%emt 0:00:01]} 24. b3 {[%emt 0:00:51]} Qa7+ {[%emt 0:00:13]} 25. Kf1 {[%emt 0:00:38]} Kb8 {[%emt 0:01:40]} 26. Qh4 {[%emt 0:00:50]} Bb5+ {[%emt 0:01:09]} 27. Bd3 {[%emt 0:00:03]} Rf8 {[%emt 0:00:09]} 28. Qe7 {[%emt 0:00:10]} f3 {[%emt 0:00:10]} 29. Qd6+ {[%emt 0:00:04]} Kc8 {[%emt 0:00:08]} 30. g3 {[%emt 0:00:16]} e4 {[%emt 0:00:32]} 31. Bxb5 {[%emt 0:00:02]} axb5 {[%emt 0:00:02]} 32. Qxd5 {[%emt 0:00:12]} e3 {[%emt 0:00:16]} 33. Qc6+ {[%emt 0:00:10]} Kd8 {[%emt 0:00:01]} 34. Nb6 {[%emt 0:00:16]} e2+ {[%emt 0:00:13]} 35. Kf2 {[%emt 0:00:07]} Nxb6 {[%emt 0:00:15]} 36. Qc5 {[%emt 0:00:02]} Rf6 {[%emt 0:00:35]} 37. a4 {[%emt 0:00:02]} Qh7 {[%emt 0:00:12]} 38. h4 {[%emt 0:00:08]} Qd7 {[%emt 0:00:35]} 39. axb5 {[%emt 0:00:04]} Qh3 {[%emt 0:00:35]} 40. Ra7 {[%emt 0:00:08]} Qg2+ {[%emt 0:01:18]} 41. Ke3 {[%emt 0:00:02]} Re6+ {[%emt 0:00:18]} 42. Kf4 {[%emt 0:00:02]} Rf6+ {[%emt 0:00:15]} 43. Ke3 {[%emt 0:00:02]} Re6+ {[%emt 0:00:02]} 44. Kd2 {[%emt 0:00:12]} Qxg3 {[%emt 0:00:06]} 45. Qf8+ {[%emt 0:00:04]} Re8 {[%emt 0:00:02]} 46. Qf6+ {[%emt 0:00:02]} Kc8 {[%emt 0:00:03]} 47. Qc6+ {[%emt 0:00:01]} Kd8 {[%emt 0:00:06]} 48. Qxb6+ {[%emt 0:00:02]} 1-0

[Event "European Online Club-ch-F 2021"]
[Site "Online"]
[Date "2021.03.27"]
[Round "7.9"]
[White "Hellers, Ferdinand"]
[Black "Kovalenko, Igor"]
[Result "1/2-1/2"]
[WhiteElo "2592"]
[BlackElo "2643"]
[Annotator "ChessBase"]
[PlyCount "135"]
[EventDate "2021.03.27"]
[EventType "team-tourn"]
[EventCountry "NET"]
[SourceTitle "playchess.com"]
[Source "ChessBase"]
[SourceQuality "1"]
[TimeControl "900+5"]

1. d4 {[%emt 0:00:00]} Nf6 {[%emt 0:00:05]} 2. Nf3 {[%emt 0:00:03]} b6 {[%emt 0:00:09]} 3. Bf4 {[%emt 0:00:19]} Bb7 {[%emt 0:00:02]} 4. e3 {[%emt 0:00:02]} g6 {[%emt 0:00:03]} 5. h3 {[%emt 0:00:19]} Bg7 {[%emt 0:00:01]} 6. Be2 {[%emt 0:00:02]} d6 {[%emt 0:00:03]} 7. O-O {[%emt 0:00:04]} O-O {[%emt 0:00:03]} 8. c4 {[%emt 0:00:21]} Ne4 {[%emt 0:00:02]} 9. Nbd2 {[%emt 0:00:14]} Nxd2 {[%emt 0:00:05]} 10. Qxd2 {[%emt 0:00:12]} Nd7 {[%emt 0:00:09]} 11. Rfd1 {[%emt 0:00:30]} e6 {[%emt 0:00:04]} 12. Rac1 {[%emt 0:00:51]} h6 {[%emt 0:00:04]} 13. b4 {[%emt 0:01:12]} Nf6 {[%emt 0:00:23]} 14. c5 {[%emt 0:00:56]} g5 {[%emt 0:00:23]} 15. Bh2 {[%emt 0:00:06]} Ne4 {[%emt 0:00:48]} 16. Qc2 {[%emt 0:00:14]} Bd5 {[%emt 0:00:02]} 17. Bc4 {[%emt 0:00:29]} Qf6 {[%emt 0:02:10]} 18. Bd3 {[%emt 0:01:01]} Qg6 {[%emt 0:00:15]} 19. cxd6 {[%emt 0:00:28]} cxd6 {[%emt 0:00:09]} 20. Bxd6 {[%emt 0:00:06]} Rfd8 {[%emt 0:00:15]} 21. Ne5 {[%emt 0:00:25]} Bxe5 {[%emt 0:00:11]} 22. Bxe5 {[%emt 0:01:36]} f6 {[%emt 0:01:04]} 23. Bh2 {[%emt 0:02:20]} f5 {[%emt 0:00:06]} 24. f3 {[%emt 0:00:18]} Nf6 {[%emt 0:00:20]} 25. Re1 {[%emt 0:00:06]} Bb7 {[%emt 0:00:28]} 26. Qc7 {[%emt 0:01:16]} Rd7 {[%emt 0:00:03]} 27. Qe5 {[%emt 0:00:18]} Qf7 {[%emt 0:00:53]} 28. e4 {[%emt 0:00:06]} f4 {[%emt 0:00:06]} 29. h4 {[%emt 0:00:24]} Nh7 {[%emt 0:00:02]} 30. Bc4 {[%emt 0:00:33]} Re7 {[%emt 0:00:03]} 31. Qd6 {[%emt 0:00:12]} Rae8 {[%emt 0:00:19]} 32. Bb3 {[%emt 0:00:11]} Nf8 {[%emt 0:00:42]} 33. hxg5 {[%emt 0:00:24]} hxg5 {[%emt 0:00:02]} 34. Qe5 {[%emt 0:00:01]} Qg7 {[%emt 0:01:03]} 35. Qxg7+ {[%emt 0:00:10]} Kxg7 {[%emt 0:00:01]} 36. Kf2 {[%emt 0:00:46]} Rd8 {[%emt 0:00:04]} 37. Red1 {[%emt 0:00:18]} Red7 {[%emt 0:00:11]} 38. Ke1 {[%emt 0:00:07]} Kf6 {[%emt 0:00:12]} 39. Bg1 {[%emt 0:00:03]} g4 {[%emt 0:00:05]} 40. Rc3 {[%emt 0:00:07]} g3 {[%emt 0:00:05]} 41. Rdc1 {[%emt 0:00:04]} Ng6 {[%emt 0:00:04]} 42. Bc4 {[%emt 0:00:03]} Rh8 {[%emt 0:00:11]} 43. R3c2 {[%emt 0:00:29]} Rh1 {[%emt 0:00:09]} 44. Kd2 {[%emt 0:00:03]} Nh4 {[%emt 0:01:13]} 45. Kc3 {[%emt 0:00:08]} Rc7 {[%emt 0:00:02]} 46. Kb2 {[%emt 0:00:12]} b5 {[%emt 0:00:04]} 47. Bxb5 {[%emt 0:00:26]} Rxc2+ {[%emt 0:00:01]} 48. Kxc2 {[%emt 0:00:01]} Nxg2 {[%emt 0:00:05]} 49. Kd2 {[%emt 0:00:06]} Nh4 {[%emt 0:00:43]} 50. Be2 {[%emt 0:00:04]} Ba6 {[%emt 0:00:06]} 51. d5 {[%emt 0:00:09]} Bxe2 {[%emt 0:00:11]} 52. Kxe2 {[%emt 0:00:02]} e5 {[%emt 0:00:19]} 53. b5 {[%emt 0:00:06]} Ng6 {[%emt 0:00:11]} 54. a4 {[%emt 0:00:04]} Nf8 {[%emt 0:00:06]} 55. a5 {[%emt 0:00:04]} Nd7 {[%emt 0:00:02]} 56. Kf1 {[%emt 0:00:03]} Nf8 {[%emt 0:00:33]} 57. Kg2 {[%emt 0:00:03]} Rh7 {[%emt 0:00:03]} 58. Rc6+ {[%emt 0:00:04]} Kg5 {[%emt 0:00:01]} 59. b6 {[%emt 0:00:08]} axb6 {[%emt 0:00:03]} 60. Bxb6 {[%emt 0:00:05]} Rh2+ {[%emt 0:00:03]} 61. Kg1 {[%emt 0:00:03]} Ra2 {[%emt 0:00:10]} 62. Bd8+ {[%emt 0:00:03]} Kh5 {[%emt 0:00:02]} 63. a6 {[%emt 0:00:02]} Nd7 {[%emt 0:00:40]} 64. Rc7 {[%emt 0:00:07]} Ra1+ {[%emt 0:00:15]} 65. Kg2 {[%emt 0:00:02]} Ra2+ {[%emt 0:00:02]} 66. Kg1 {[%emt 0:00:02]} Ra1+ {[%emt 0:00:10]} 67. Kg2 {[%emt 0:00:03]} Ra2+ {[%emt 0:00:02]} 68. Kg1 {[%emt 0:00:02]} 1/2-1/2

[Event "European Online Club-ch-F 2021"]
[Site "Online"]
[Date "2021.03.27"]
[Round "7.10"]
[White "Smirin, Ilia"]
[Black "Rogule, Laura"]
[Result "0-1"]
[WhiteElo "2614"]
[BlackElo "2286"]
[Annotator "ChessBase"]
[PlyCount "64"]
[EventDate "2021.03.27"]
[EventType "team-tourn"]
[EventCountry "NET"]
[SourceTitle "playchess.com"]
[Source "ChessBase"]
[SourceQuality "1"]
[TimeControl "900+5"]

1. e4 {[%emt 0:00:00]} c5 {[%emt 0:00:03]} 2. Nf3 {[%emt 0:00:04]} Nc6 {[%emt 0:00:04]} 3. Bb5 {[%emt 0:00:02]} g6 {[%emt 0:00:06]} 4. c3 {[%emt 0:00:04]} Bg7 {[%emt 0:00:14]} 5. d4 {[%emt 0:00:03]} Qa5 {[%emt 0:01:36]} 6. Bxc6 {[%emt 0:02:32]} dxc6 {[%emt 0:00:40]} 7. O-O {[%emt 0:00:05]} cxd4 {[%emt 0:02:23]} 8. cxd4 {[%emt 0:00:05]} Bg4 {[%emt 0:00:08]} 9. Be3 {[%emt 0:00:48]} Rd8 {[%emt 0:01:10]} 10. Nbd2 {[%emt 0:00:30]} e5 {[%emt 0:02:50]} 11. dxe5 {[%emt 0:01:12]} Bxf3 {[%emt 0:01:25]} 12. Qxf3 {[%emt 0:00:05]} Rxd2 {[%emt 0:01:22]} 13. Bxd2 {[%emt 0:00:42]} Qxd2 {[%emt 0:00:02]} 14. Rad1 {[%emt 0:00:02]} Qa5 {[%emt 0:00:24]} 15. Rd7 {[%emt 0:01:53]} Nh6 {[%emt 0:01:10]} 16. e6 {[%emt 0:00:11]} O-O {[%emt 0:00:23]} 17. e7 {[%emt 0:00:58]} Re8 {[%emt 0:00:06]} 18. Rxb7 {[%emt 0:00:06]} Qe5 {[%emt 0:01:20]} 19. Rd1 {[%emt 0:01:37]} Bf6 {[%emt 0:00:32]} 20. Rdd7 {[%emt 0:02:02]} Rxe7 {[%emt 0:00:06]} 21. Rxe7 {[%emt 0:00:26]} Bxe7 {[%emt 0:00:02]} 22. g3 {[%emt 0:00:02]} Bc5 {[%emt 0:00:13]} 23. b4 {[%emt 0:00:07]} Bd4 {[%emt 0:00:21]} 24. a4 {[%emt 0:00:17]} Qe6 {[%emt 0:00:11]} 25. Rb8+ {[%emt 0:02:17]} Kg7 {[%emt 0:00:02]} 26. Kg2 {[%emt 0:00:04]} Ng4 {[%emt 0:00:02]} 27. Qd3 {[%emt 0:00:03]} Qf6 {[%emt 0:00:10]} 28. f4 {[%emt 0:00:11]} Bb6 {[%emt 0:00:07]} 29. e5 {[%emt 0:00:10]} Qe6 {[%emt 0:00:02]} 30. Qe2 {[%emt 0:00:41]} Qd5+ {[%emt 0:00:08]} 31. Kh3 {[%emt 0:00:06]} Nf2+ {[%emt 0:00:03]} 32. Kh4 {[%emt 0:00:02]} Bd8+ {[%emt 0:00:05]} 0-1

[Event "European Online Club-ch-F 2021"]
[Site "Online"]
[Date "2021.03.27"]
[Round "7.13"]
[White "Sochacki, Christophe"]
[Black "Maghsoodloo, Parham"]
[Result "1-0"]
[WhiteElo "2477"]
[BlackElo "2676"]
[Annotator "ChessBase"]
[PlyCount "67"]
[EventDate "2021.03.27"]
[EventType "team-tourn"]
[EventCountry "NET"]
[SourceTitle "playchess.com"]
[Source "ChessBase"]
[SourceQuality "1"]
[TimeControl "900+5"]

1. d4 {[%emt 0:00:00]} Nf6 {[%emt 0:00:25]} 2. Nc3 {[%emt 0:00:06]} e6 {[%emt 0:00:09]} 3. e4 {[%emt 0:00:04]} d5 {[%emt 0:00:06]} 4. Bg5 {[%emt 0:00:25]} Be7 {[%emt 0:00:08]} 5. e5 {[%emt 0:00:04]} Nfd7 {[%emt 0:00:02]} 6. h4 {[%emt 0:00:09]} a6 {[%emt 0:02:04]} 7. Qg4 {[%emt 0:00:31]} Kf8 {[%emt 0:00:10]} 8. f4 {[%emt 0:01:25]} c5 {[%emt 0:00:15]} 9. dxc5 {[%emt 0:00:25]} Nc6 {[%emt 0:00:06]} 10. O-O-O {[%emt 0:00:22]} Nxc5 {[%emt 0:00:03]} 11. Nf3 {[%emt 0:00:12]} b5 {[%emt 0:00:02]} 12. Bd3 {[%emt 0:02:46]} Qa5 {[%emt 0:02:02]} 13. Kb1 {[%emt 0:00:25]} b4 {[%emt 0:00:11]} 14. Ne2 {[%emt 0:00:02]} Bxg5 {[%emt 0:01:42]} 15. fxg5 {[%emt 0:03:08]} b3 {[%emt 0:00:02]} 16. axb3 {[%emt 0:00:39]} Nb4 {[%emt 0:00:14]} 17. Nc1 {[%emt 0:00:26]} Bd7 {[%emt 0:01:47]} 18. Nd4 {[%emt 0:00:07]} Bb5 {[%emt 0:00:38]} 19. Rhf1 {[%emt 0:00:21]} Kg8 {[%emt 0:02:14]} 20. h5 {[%emt 0:00:28]} Bxd3 {[%emt 0:00:58]} 21. cxd3 {[%emt 0:00:01]} Rc8 {[%emt 0:01:25]} 22. g6 {[%emt 0:01:22]} hxg6 {[%emt 0:00:15]} 23. hxg6 {[%emt 0:00:01]} Rh6 {[%emt 0:00:02]} 24. gxf7+ {[%emt 0:00:13]} Kf8 {[%emt 0:00:03]} 25. Rf6 {[%emt 0:00:38]} gxf6 {[%emt 0:00:50]} 26. Qg8+ {[%emt 0:00:15]} Ke7 {[%emt 0:00:01]} 27. Qxc8 {[%emt 0:00:25]} Kxf7 {[%emt 0:00:02]} 28. Nxe6 {[%emt 0:00:04]} Nxe6 {[%emt 0:00:11]} 29. Qd7+ {[%emt 0:00:02]} Kf8 {[%emt 0:00:50]} 30. Qxe6 {[%emt 0:00:03]} Qc7 {[%emt 0:00:09]} 31. Rf1 {[%emt 0:00:17]} Qc2+ {[%emt 0:00:23]} 32. Ka1 {[%emt 0:00:02]} Qc6 {[%emt 0:00:05]} 33. Qg4 {[%emt 0:00:44]} Kf7 {[%emt 0:00:05]} 34. Qxb4 {[%emt 0:00:06]} 1-0

[Event "European Online Club-ch-F 2021"]
[Site "Online"]
[Date "2021.03.27"]
[Round "7.14"]
[White "Amin, Bassem"]
[Black "Maatoug, Redwan"]
[Result "1-0"]
[WhiteElo "2695"]
[BlackElo "2202"]
[Annotator "ChessBase"]
[PlyCount "61"]
[EventDate "2021.03.27"]
[EventType "team-tourn"]
[EventCountry "NET"]
[SourceTitle "playchess.com"]
[Source "ChessBase"]
[SourceQuality "1"]
[TimeControl "900+5"]

1. e4 {[%emt 0:00:00]} c5 {[%emt 0:00:07]} 2. Nf3 {[%emt 0:00:03]} Nc6 {[%emt 0:00:05]} 3. g3 {[%emt 0:00:07]} g6 {[%emt 0:00:08]} 4. Bg2 {[%emt 0:00:02]} Bg7 {[%emt 0:00:01]} 5. O-O {[%emt 0:00:02]} d6 {[%emt 0:00:18]} 6. c3 {[%emt 0:00:02]} Nf6 {[%emt 0:00:15]} 7. Re1 {[%emt 0:00:06]} O-O {[%emt 0:00:05]} 8. h3 {[%emt 0:00:04]} Ne5 {[%emt 0:01:14]} 9. d4 {[%emt 0:00:40]} Nxf3+ {[%emt 0:00:04]} 10. Qxf3 {[%emt 0:00:03]} cxd4 {[%emt 0:00:08]} 11. cxd4 {[%emt 0:00:00]} Qb6 {[%emt 0:00:02]} 12. Qd3 {[%emt 0:00:27]} Be6 {[%emt 0:01:39]} 13. Nc3 {[%emt 0:00:06]} Rac8 {[%emt 0:00:25]} 14. b3 {[%emt 0:00:47]} Qa6 {[%emt 0:00:14]} 15. Qxa6 {[%emt 0:00:39]} bxa6 {[%emt 0:00:01]} 16. Bb2 {[%emt 0:01:32]} Nd7 {[%emt 0:00:02]} 17. Rad1 {[%emt 0:00:29]} Nb6 {[%emt 0:00:02]} 18. e5 {[%emt 0:01:41]} dxe5 {[%emt 0:00:45]} 19. dxe5 {[%emt 0:00:00]} Rcd8 {[%emt 0:00:02]} 20. Ne4 {[%emt 0:00:47]} Bd5 {[%emt 0:00:34]} 21. Nc5 {[%emt 0:02:06]} Bxg2 {[%emt 0:00:30]} 22. Kxg2 {[%emt 0:00:00]} Rxd1 {[%emt 0:00:12]} 23. Rxd1 {[%emt 0:00:04]} a5 {[%emt 0:03:02]} 24. a4 {[%emt 0:00:05]} Rc8 {[%emt 0:00:11]} 25. Nb7 {[%emt 0:00:05]} h5 {[%emt 0:00:19]} 26. Rd8+ {[%emt 0:01:24]} Rxd8 {[%emt 0:00:41]} 27. Nxd8 {[%emt 0:00:00]} Nd7 {[%emt 0:00:32]} 28. Nc6 {[%emt 0:00:04]} Kf8 {[%emt 0:00:05]} 29. Bd4 {[%emt 0:00:11]} a6 {[%emt 0:00:32]} 30. f4 {[%emt 0:00:06]} f6 {[%emt 0:00:12]} 31. e6 {[%emt 0:00:06]} 1-0

[Event "European Online Club-ch-F 2021"]
[Site "Online"]
[Date "2021.03.27"]
[Round "7.15"]
[White "Cantin, Loic"]
[Black "Van Wely, Loek"]
[Result "0-1"]
[WhiteElo "2182"]
[BlackElo "2620"]
[Annotator "ChessBase"]
[PlyCount "78"]
[EventDate "2021.03.27"]
[EventType "team-tourn"]
[EventCountry "NET"]
[SourceTitle "playchess.com"]
[Source "ChessBase"]
[SourceQuality "1"]
[TimeControl "900+5"]

1. Nf3 {[%emt 0:00:00]} Nf6 {[%emt 0:00:04]} 2. c4 {[%emt 0:00:05]} g6 {[%emt 0:00:05]} 3. d4 {[%emt 0:00:03]} Bg7 {[%emt 0:00:02]} 4. g3 {[%emt 0:00:16]} c5 {[%emt 0:00:02]} 5. d5 {[%emt 0:00:05]} b5 {[%emt 0:00:03]} 6. cxb5 {[%emt 0:00:09]} a6 {[%emt 0:00:01]} 7. bxa6 {[%emt 0:00:15]} d6 {[%emt 0:00:03]} 8. Bg2 {[%emt 0:00:07]} O-O {[%emt 0:00:05]} 9. O-O {[%emt 0:00:15]} Nxa6 {[%emt 0:00:03]} 10. Nc3 {[%emt 0:00:55]} Bf5 {[%emt 0:00:12]} 11. Nd2 {[%emt 0:00:46]} Nb4 {[%emt 0:00:11]} 12. Nc4 {[%emt 0:00:18]} Ng4 {[%emt 0:02:00]} 13. h3 {[%emt 0:01:04]} Ne5 {[%emt 0:00:03]} 14. Ne3 {[%emt 0:00:05]} Bc8 {[%emt 0:00:03]} 15. Bd2 {[%emt 0:00:46]} Qb6 {[%emt 0:00:17]} 16. a3 {[%emt 0:00:36]} Na6 {[%emt 0:00:04]} 17. f4 {[%emt 0:00:15]} Nd7 {[%emt 0:00:03]} 18. Nc4 {[%emt 0:00:07]} Qd8 {[%emt 0:00:15]} 19. Ne4 {[%emt 0:02:50]} Nc7 {[%emt 0:00:22]} 20. Bc3 {[%emt 0:00:54]} Ba6 {[%emt 0:01:15]} 21. b3 {[%emt 0:00:31]} Bxc3 {[%emt 0:01:08]} 22. Nxc3 {[%emt 0:00:03]} Nb5 {[%emt 0:00:15]} 23. Nxb5 {[%emt 0:00:16]} Bxb5 {[%emt 0:00:00]} 24. Qc2 {[%emt 0:00:43]} Nb6 {[%emt 0:00:17]} 25. e4 {[%emt 0:00:33]} Bxc4 {[%emt 0:01:15]} 26. bxc4 {[%emt 0:00:03]} Ra4 {[%emt 0:00:02]} 27. Rfb1 {[%emt 0:00:35]} Rxc4 {[%emt 0:00:08]} 28. Qb3 {[%emt 0:00:03]} Rd4 {[%emt 0:00:04]} 29. a4 {[%emt 0:00:42]} Nc4 {[%emt 0:00:33]} 30. Qc3 {[%emt 0:00:11]} Nd2 {[%emt 0:00:40]} 31. Re1 {[%emt 0:00:48]} Qb6 {[%emt 0:00:33]} 32. a5 {[%emt 0:00:04]} Qb5 {[%emt 0:00:18]} 33. Rad1 {[%emt 0:00:22]} Nb3 {[%emt 0:00:55]} 34. Rb1 {[%emt 0:00:03]} Rd3 {[%emt 0:00:32]} 35. Qc2 {[%emt 0:00:53]} c4 {[%emt 0:00:14]} 36. Bf1 {[%emt 0:00:25]} Qc5+ {[%emt 0:00:14]} 37. Kh1 {[%emt 0:00:09]} Rxg3 {[%emt 0:00:28]} 38. Bxc4 {[%emt 0:00:02]} Nxa5 {[%emt 0:01:55]} 39. Kh2 {[%emt 0:00:45]} Rf3 {[%emt 0:00:17]} 0-1

[Event "European Online Club-ch-F 2021"]
[Site "Online"]
[Date "2021.03.27"]
[Round "7.16"]
[White "Hamdouchi, Hicham"]
[Black "Saatdjian, Stephane"]
[Result "1-0"]
[WhiteElo "2561"]
[BlackElo "2131"]
[Annotator "ChessBase"]
[PlyCount "53"]
[EventDate "2021.03.27"]
[EventType "team-tourn"]
[EventCountry "NET"]
[SourceTitle "playchess.com"]
[Source "ChessBase"]
[SourceQuality "1"]
[TimeControl "900+5"]

1. e4 {[%emt 0:00:00]} c5 {[%emt 0:00:02]} 2. Nc3 {[%emt 0:00:02]} a6 {[%emt 0:00:02]} 3. g4 {[%emt 0:00:03]} b5 {[%emt 0:00:04]} 4. Bg2 {[%emt 0:00:02]} Bb7 {[%emt 0:00:01]} 5. Nh3 {[%emt 0:00:20]} e6 {[%emt 0:00:19]} 6. O-O {[%emt 0:00:13]} b4 {[%emt 0:00:07]} 7. Ne2 {[%emt 0:00:03]} d5 {[%emt 0:00:29]} 8. d3 {[%emt 0:00:41]} dxe4 {[%emt 0:00:37]} 9. Ng3 {[%emt 0:00:08]} Nf6 {[%emt 0:00:21]} 10. g5 {[%emt 0:00:14]} Nd5 {[%emt 0:01:01]} 11. dxe4 {[%emt 0:00:37]} Nb6 {[%emt 0:00:08]} 12. Qg4 {[%emt 0:00:44]} N8d7 {[%emt 0:01:40]} 13. Bf4 {[%emt 0:01:12]} Nc4 {[%emt 0:00:41]} 14. Qe2 {[%emt 0:01:54]} Nxb2 {[%emt 0:00:52]} 15. Rab1 {[%emt 0:00:36]} Na4 {[%emt 0:00:06]} 16. Bd2 {[%emt 0:00:25]} Be7 {[%emt 0:00:44]} 17. f4 {[%emt 0:00:36]} a5 {[%emt 0:00:25]} 18. Rf2 {[%emt 0:01:09]} Ba6 {[%emt 0:00:24]} 19. Qf3 {[%emt 0:00:34]} Bc4 {[%emt 0:01:25]} 20. f5 {[%emt 0:01:29]} Ne5 {[%emt 0:00:55]} 21. Qh5 {[%emt 0:00:02]} O-O {[%emt 0:02:19]} 22. f6 {[%emt 0:01:20]} gxf6 {[%emt 0:00:16]} 23. gxf6 {[%emt 0:00:34]} Bxf6 {[%emt 0:00:03]} 24. Bg5 {[%emt 0:00:11]} Nd7 {[%emt 0:01:03]} 25. e5 {[%emt 0:00:44]} Be7 {[%emt 0:01:11]} 26. Be4 {[%emt 0:01:10]} f5 {[%emt 0:00:40]} 27. exf6 {[%emt 0:00:02]} 1-0

[Event "European Online Club-ch-F 2021"]
[Site "Online"]
[Date "2021.03.27"]
[Round "7.17"]
[White "Isik, Alparslan"]
[Black "Gorodetzky, Matan"]
[Result "1-0"]
[WhiteElo "2321"]
[BlackElo "2253"]
[Annotator "NA"]
[PlyCount "79"]
[EventDate "2021.03.27"]
[EventType "team-tourn"]
[EventCountry "NET"]
[SourceTitle "playchess.com"]
[Source "ChessBase"]
[SourceQuality "1"]
[TimeControl "900+5"]

1. d4 {[%emt 0:00:00]} d5 {[%emt 0:00:04]} 2. c4 {[%emt 0:00:02]} e6 {[%emt 0:00:02]} 3. Nf3 {[%emt 0:00:03]} c5 {[%emt 0:00:03]} 4. cxd5 {[%emt 0:00:02]} exd5 {[%emt 0:00:02]} 5. Nc3 {[%emt 0:00:04]} Nc6 {[%emt 0:00:02]} 6. g3 {[%emt 0:00:02]} Nf6 {[%emt 0:00:03]} 7. Bg2 {[%emt 0:00:02]} cxd4 {[%emt 0:00:02]} 8. Nxd4 {[%emt 0:00:02]} Bc5 {[%emt 0:00:01]} 9. Nb3 {[%emt 0:00:07]} Bb6 {[%emt 0:00:02]} 10. O-O {[%emt 0:00:03]} d4 {[%emt 0:00:02]} 11. Na4 {[%emt 0:00:07]} O-O {[%emt 0:00:02]} 12. Bg5 {[%emt 0:00:14]} Re8 {[%emt 0:00:02]} 13. Rc1 {[%emt 0:00:22]} Bg4 {[%emt 0:00:30]} 14. Re1 {[%emt 0:00:04]} h6 {[%emt 0:00:03]} 15. Bxf6 {[%emt 0:00:07]} Qxf6 {[%emt 0:00:03]} 16. Nac5 {[%emt 0:00:02]} Rac8 {[%emt 0:00:33]} 17. Qd2 {[%emt 0:01:29]} Re7 {[%emt 0:00:14]} 18. h3 {[%emt 0:01:01]} Bh5 {[%emt 0:00:07]} 19. Nd3 {[%emt 0:00:03]} g5 {[%emt 0:00:27]} 20. Nb4 {[%emt 0:00:20]} Rce8 {[%emt 0:00:43]} 21. Nd5 {[%emt 0:00:11]} Qe5 {[%emt 0:00:33]} 22. Nxe7+ {[%emt 0:00:05]} Rxe7 {[%emt 0:00:03]} 23. Bxc6 {[%emt 0:00:52]} bxc6 {[%emt 0:00:04]} 24. Rxc6 {[%emt 0:00:02]} d3 {[%emt 0:01:13]} 25. Qxd3 {[%emt 0:01:39]} Qxb2 {[%emt 0:00:12]} 26. Rxh6 {[%emt 0:00:21]} Bxe2 {[%emt 0:00:57]} 27. Qh7+ {[%emt 0:00:30]} Kf8 {[%emt 0:00:03]} 28. Qh8+ {[%emt 0:00:03]} Qxh8 {[%emt 0:00:02]} 29. Rxh8+ {[%emt 0:00:01]} Kg7 {[%emt 0:00:01]} 30. Rc8 {[%emt 0:00:07]} Re6 {[%emt 0:00:53]} 31. Rc2 {[%emt 0:00:10]} Bg4 {[%emt 0:00:23]} 32. Rxe6 {[%emt 0:00:04]} Bxe6 {[%emt 0:00:02]} 33. Kg2 {[%emt 0:00:14]} f5 {[%emt 0:00:12]} 34. f3 {[%emt 0:00:21]} Kf6 {[%emt 0:00:31]} 35. Nc5 {[%emt 0:00:09]} Bxc5 {[%emt 0:00:36]} 36. Rxc5 {[%emt 0:00:03]} g4 {[%emt 0:00:28]} 37. fxg4 {[%emt 0:00:06]} fxg4 {[%emt 0:00:02]} 38. hxg4 {[%emt 0:00:05]} Bxa2 {[%emt 0:00:04]} 39. Ra5 {[%emt 0:00:04]} Be6 {[%emt 0:00:09]} 40. Kh3 {[%emt 0:00:13]} 1-0